| 000 | 00974nas a2200217 4500 | ||
|---|---|---|---|
| 008 | s2006 fr fre u | ||
| 020 | _a9770241279008 | ||
| 040 | _aLB-BrCRDP | ||
| 082 | 1 |
_a105 _bCAH |
|
| 100 | 1 | _aAncet, Pierre | |
| 245 | 1 | 0 |
_aCahiers philosophiques N° 108 - Histoire naturelle de l'homme _cPierre Ancet , Ludwig Crespin |
| 260 |
_aParis _bCNDP _cDéc. 2006 |
||
| 300 |
_a126 p. _c23 cm |
||
| 500 | _aSommaire. | ||
| 520 | _a" Les hommes croyant avoir une âme, se donnent très peu de peine pour se la procurer effectivement. Mon âme n'est pas le don, qui m'aurait été fait originairement, de la personnalité. C'est le résultat de mon activité. C'est un mauvais calcul de compter jouir de son âme après la mort. Mieux vaut travailler à se rendre présentement vivant." | ||
| 650 | 4 | _aPhilosophie | |
| 650 | 4 | _aSciences humaines | |
| 700 | 1 | _aCrespin, Ludwig | |
| 942 | _cCR | ||
| 999 |
_c3524 _d3524 |
||